MARC details
| 000 -LEADER |
| fixed length control field |
04628nam a22006858i 4500 |
| 001 - CONTROL NUMBER |
| control field |
BDZ0053535115 |
| 003 - CONTROL NUMBER IDENTIFIER |
| control field |
StDuBDS |
| 005 - DATE AND TIME OF LATEST TRANSACTION |
| control field |
20231227165415.0 |
| 006 - FIXED-LENGTH DATA ELEMENTS--ADDITIONAL MATERIAL CHARACTERISTICS |
| fixed length control field |
m|||||o||d|||||||| |
| 007 - PHYSICAL DESCRIPTION FIXED FIELD--GENERAL INFORMATION |
| fixed length control field |
cr ||||||||||| |
| 008 - FIXED-LENGTH DATA ELEMENTS--GENERAL INFORMATION |
| fixed length control field |
231030s2023 enka fo 000|0|eng|d |
| 020 ## - INTERNATIONAL STANDARD BOOK NUMBER |
| International Standard Book Number |
9781003820031 (PDF ebook) : |
| Terms of availability |
42.99 |
| 040 ## - CATALOGING SOURCE |
| Original cataloging agency |
StDuBDS |
| Language of cataloging |
eng |
| Description conventions |
rda |
| -- |
pn |
| Transcribing agency |
StDuBDS |
| Modifying agency |
StDuBDSZ |
| 050 #4 - LIBRARY OF CONGRESS CALL NUMBER |
| Classification number |
TH880 |
| Item number |
.R6 2023 |
| 072 #7 - SUBJECT CATEGORY CODE |
| Subject category code |
ARC |
| Source |
ukslc |
| 072 #7 - SUBJECT CATEGORY CODE |
| Subject category code |
AM |
| Source |
bicssc |
| 072 #7 - SUBJECT CATEGORY CODE |
| Subject category code |
RN |
| Source |
bicssc |
| 072 #7 - SUBJECT CATEGORY CODE |
| Subject category code |
AMA |
| Source |
bicssc |
| 072 #7 - SUBJECT CATEGORY CODE |
| Subject category code |
AMCR |
| Source |
bicssc |
| 072 #7 - SUBJECT CATEGORY CODE |
| Subject category code |
PHDY |
| Source |
bicssc |
| 072 #7 - SUBJECT CATEGORY CODE |
| Subject category code |
RPC |
| Source |
bicssc |
| 072 #7 - SUBJECT CATEGORY CODE |
| Subject category code |
TH |
| Source |
bicssc |
| 072 #7 - SUBJECT CATEGORY CODE |
| Subject category code |
TQ |
| Source |
bicssc |
| 072 #7 - SUBJECT CATEGORY CODE |
| Subject category code |
AM |
| Source |
thema |
| 072 #7 - SUBJECT CATEGORY CODE |
| Subject category code |
RN |
| Source |
thema |
| 072 #7 - SUBJECT CATEGORY CODE |
| Subject category code |
AMA |
| Source |
thema |
| 072 #7 - SUBJECT CATEGORY CODE |
| Subject category code |
AMCR |
| Source |
thema |
| 072 #7 - SUBJECT CATEGORY CODE |
| Subject category code |
PHDY |
| Source |
thema |
| 072 #7 - SUBJECT CATEGORY CODE |
| Subject category code |
RPC |
| Source |
thema |
| 072 #7 - SUBJECT CATEGORY CODE |
| Subject category code |
TH |
| Source |
thema |
| 072 #7 - SUBJECT CATEGORY CODE |
| Subject category code |
TQ |
| Source |
thema |
| 072 #7 - SUBJECT CATEGORY CODE |
| Subject category code |
AMC |
| Source |
thema |
| 072 #7 - SUBJECT CATEGORY CODE |
| Subject category code |
AMVD |
| Source |
thema |
| 082 04 - DEWEY DECIMAL CLASSIFICATION NUMBER |
| Classification number |
720.47 |
| Edition number |
23 |
| 245 04 - TITLE STATEMENT |
| Title |
The Routledge handbook of embodied carbon in the built environment |
| Medium |
[electronic resource] / |
| Statement of responsibility, etc. |
edited by Rahman Azari, Alice Moncaster. |
| 246 30 - VARYING FORM OF TITLE |
| Title proper/short title |
Handbook of embodied carbon in the built environment |
| 246 30 - VARYING FORM OF TITLE |
| Title proper/short title |
Embodied carbon in the built environment |
| 263 ## - PROJECTED PUBLICATION DATE |
| Projected publication date |
202312 |
| 264 #1 - PRODUCTION, PUBLICATION, DISTRIBUTION, MANUFACTURE, AND COPYRIGHT NOTICE |
| Place of production, publication, distribution, manufacture |
London : |
| Name of producer, publisher, distributor, manufacturer |
Routledge, |
| Date of production, publication, distribution, manufacture, or copyright notice |
2023. |
| 300 ## - PHYSICAL DESCRIPTION |
| Extent |
1 online resource (440 pages) : |
| Other physical details |
illustrations (black and white) |
| 336 ## - CONTENT TYPE |
| Content type term |
text |
| Source |
rdacontent |
| 336 ## - CONTENT TYPE |
| Content type term |
still image |
| Source |
rdacontent |
| 337 ## - MEDIA TYPE |
| Media type term |
computer |
| Source |
rdamedia |
| 338 ## - CARRIER TYPE |
| Carrier type term |
online resource |
| Source |
rdacarrier |
| 366 ## - TRADE AVAILABILITY INFORMATION |
| Detailed date of publication |
20231222 |
| Availability status code |
Not yet available |
| 505 0# - FORMATTED CONTENTS NOTE |
| Formatted contents note |
SECTION 1: Introduction: The embodied carbon questions and debates 1. Introduction to this handbook - the question of embodied carbon 2. Minimising embodied carbon: A question of politics, not percentages 3. Climate-neutral and circular built environment - right here, right now - 4. Net zero in buildings and construction: Use and misuse of carbon offsets 5. Characterization of links between embodied carbon and thermal mass SECTION 2: Embodied decarbonization, approaches and policies 6. Introduction to Section 2: National and international approaches to and policies for decarbonisation 7. Embodied decarbonization in North America: A paradigm shift 8. Embodied carbon in building regulation - development and implementation in Finland, Sweden and Denmark 9. Global carbon budgets for the built environment: How far are we to achieve a 1.5C limit in global warming? A Swiss example 10. The Levels framework and the Life Levels project: Developing common and national approaches to embodied carbon in European countries 11. Embodied emissions - knowledge building for industry SECTION 3: Urban scale perspectives 12. Introduction to Section 3: Embodied carbon and urban scale perspectives 13. Approaches and system boundaries for urban carbon accounts 14. Quantifying the sunk carbon costs of cities: A case-study of 50 years of construction in Odense, Denmark 15. Embodied GHG in transportation infrastructure SECTION 4: Building Scale Perspectives 16. Introduction to Section 4: Embodied carbon and building scale perspectives 17. Life cycle assessment applied to the eco-design of urban projects in France 18. Climate and resource footprint assessment in building information modelling: A method and indicators 19. Achieving social justice and environmental justice in safe affordable housing through a materials-centered, multi-level, transdisciplinary approach 20. Embodied carbon and building retrofit; a heritage example SECTION 5: Material scale perspectives 21. Introduction to Section 5: Embodied carbon and material scale perspectives 22. Real and apparent variations in embodied carbon impacts provided in EPD for construction products 23. Three windows: Accounting for embodied resources and cultural value 24. Embodied carbon in biogenic and earth materials: Accounting for the work of the biogeosphere in construction materials 25. Farm to building: Catalyzing the use of natural, net-zero, and healthier building materials |
| 520 8# - SUMMARY, ETC. |
| Summary, etc. |
This handbook explores embodied carbon across the built environment. |
| 650 #0 - SUBJECT ADDED ENTRY--TOPICAL TERM |
| Topical term or geographic name entry element |
CARBON SEQUESTRATION |
| 650 #0 - SUBJECT ADDED ENTRY--TOPICAL TERM |
| Topical term or geographic name entry element |
EBOOK |
| 650 #0 - SUBJECT ADDED ENTRY--TOPICAL TERM |
| Topical term or geographic name entry element |
EMBODIED CARBON |
| 650 #0 - SUBJECT ADDED ENTRY--TOPICAL TERM |
| Topical term or geographic name entry element |
NET ZERO |
| 650 #0 - SUBJECT ADDED ENTRY--TOPICAL TERM |
| Topical term or geographic name entry element |
SUSTAINABILITY |
| 650 #0 - SUBJECT ADDED ENTRY--TOPICAL TERM |
| Topical term or geographic name entry element |
SUSTAINABLE BUILDINGS |
| 650 #7 - SUBJECT ADDED ENTRY--TOPICAL TERM |
| Topical term or geographic name entry element |
URBAN PLANNING |
| 700 1# - ADDED ENTRY--PERSONAL NAME |
| Personal name |
Azari, Rahman, |
| Dates associated with a name |
1979- |
| Relator term |
editor. |
| 700 1# - ADDED ENTRY--PERSONAL NAME |
| Personal name |
Moncaster, Alice, |
| Relator term |
editor. |
| 776 08 - ADDITIONAL PHYSICAL FORM ENTRY |
| Relationship information |
Print version : |
| International Standard Book Number |
9781032234861 |
| 856 40 - ELECTRONIC LOCATION AND ACCESS |
| Uniform Resource Identifier |
<a href="https://www.vlebooks.com/product/openreader?id=RICS&accId=9491556&isbn=9781003820031">https://www.vlebooks.com/product/openreader?id=RICS&accId=9491556&isbn=9781003820031</a> |
| Public note |
Available on VLeBooks (email [email protected] for a login) |
| 942 ## - ADDED ENTRY ELEMENTS (KOHA) |
| Source of classification or shelving scheme |
Dewey Decimal Classification |